| 000 | 00398nam a2200145Ia 4500 | ||
|---|---|---|---|
| 008 | 230917s9999||||xx |||||||||||||| ||und|| | ||
| 040 |
_e166712 _aMAIN |
||
| 041 | _aEnglish | ||
| 082 | _a547.2 B831O | ||
| 100 | _aBruckner, Reinhard | ||
| 245 | 0 | _aOrganic mechanisms: Reactions, stereochemistry and synthesis | |
| 260 |
_aBerlin _bSpringer-Verlag _c2010 |
||
| 300 | _axxxii, 855 p. | ||
| 942 | _cBK | ||
| 999 |
_c150864 _d150864 |
||